Statistics for Famous Argentinian Footballers

Click here to take the quiz!

General Stats

  • This quiz has been taken 25 times
  • The average score is 7 of 15

Answer Stats

Answer% Correct
Lionel Messi
96%
Sergio Aguero
92%
Diego Maradona
83%
Angel Di Maria
79%
Carlos Tevez
67%
Hernan Crespo
58%
Gonzalo Higuain
50%
Javier Mascherano
42%
Marcos Rojo
33%
Sergio Romero
33%
Mario Kempes
17%
Osvaldo Ardiles
13%
Pablo Aimar
13%
Daniel Passarella
13%
Leopoldo Luque
8%

Score Distribution

Percentile by Number Answered

Percent of People with Each Score

Your Score History

You have not taken this quiz